00725nam a2200181 a 450000100100000000500170001000800410002704000250006808200150009310000270010824500470013526000420018230000210022450000620024550400280030795201910033599900170052600004640220201002052838.0150807s1979 dr 000 0 spa d aDO-SdBNPbspacBNPHU axxxxbxxxx1 aSchwartz, Alain97442410aValorización del arte /cAlain Schwartz. aSanto Domingo :bAlfa y omega,c1979. a189 p. ;c21 cm. aIncluye datos del autor en la solapa de la contracubierta aBibliografía : p. 175 0010718PDaPDbPDcCTd2015-08-07iLF1l0oxxxx xxxxp46402-10r2020-06-25w2020-06-25yLFPDzPerteneció a la biblioteca personal de Chiqui Vicioso / Fidelio Despradel.ZNo se presta c45891d45891